000 00692nam a2200289Ia 4500
005 20260324124155.0
008 008 260324s9999 xx 000 0 eng d
020 _a9780203828885
037 _aEBOOK
040 _aCRL
040 _beng
040 _cCRL
041 _2eng
041 _aeng
084 _qCRL
100 _aMary Rogan
_91173130
245 0 _aPrison Policy in Ireland
245 0 _bPolitics, Penal-Welfarism and Political Imprisonment
260 _bTaylor and Francis
260 _c2011
365 _a
365 _b240
856 _uhttp://www.taylorfrancis.com/books/9780203828885
942 _cEBOOK
999 _c1767293
_d1767293